MARC

LEADER 00000nam0a2200000 4500
001 257530
005 20231101233218.0
035 |a (RuTPU)RU\TPU\book\280337 
090 |a 257530 
100 |a 20140417d1987 k y0rusy50 ca 
101 0 |a rus 
102 |a UA 
105 |a a z 001zy 
200 1 |a Кибернетика и фундаментальные науки  |f А. И. Кухтенко 
210 |a Киев  |c Наукова думка  |d 1987 
215 |a 142 с.  |c ил. 
320 |a Библиография в конце глав. 
606 1 |a Кибернетика  |2 stltpush  |3 (RuTPU)RU\TPU\subj\39446  |9 59539 
610 1 |a фундаментальные науки 
610 1 |a история 
610 1 |a 19 век 
610 1 |a 20 век 
610 1 |a знания 
610 1 |a интеграция 
610 1 |a научные концепции 
610 1 |a абстрактные системы 
610 1 |a динамические системы 
610 1 |a управляемые системы 
675 |a 681.5  |v 3 
700 1 |a Кухтенко  |b А. И.  |g Александр Иванович 
801 1 |a RU  |b 63413507  |c 20140417 
801 2 |a RU  |b 63413507  |c 20150515  |g RCR 
942 |c BK